Scintillae Ignatianae, Sive Sancti Ignatii De Loyola, Societatis Jesu Fundatoris Apophtegmata Sacra

Saved in:  
Bibliographic Details
Main Author: Ignacio, de Loyola 1491-1556 (Author)
Contributors: Hevenesi, Gábor 1656-1715 (Editor) ; Schlegel, Johann Georg 1654-1716 (Printer)
Format: Electronic Book
Language:Latin
Check availability: HBZ Gateway
Interlibrary Loan:Interlibrary Loan for the Fachinformationsdienste (Specialized Information Services in Germany)
Published: Viennae Austriae Typis Joannis Georgii Schlegel, Universitatis Typographi 1705.
In:Year: 1705
Further subjects:B Ordensliteratur:Jesuiten
Online Access: Volltext (// Exemplar mit der Signatur꞉ München, Bayerische Staatsbibliothek -- Asc. 2482#Beibd.1)
Volltext (// Exemplar mit der Signatur꞉ München, Bayerische Staatsbibliothek -- Asc. 2512 m)
Parallel Edition:Non-electronic
Sammlungen:

MARC

LEADER 00000cam a2200000 c 4500
001 774256508
003 DE-627
005 20260416015406.0
007 cr uuu---uuuuu
008 131211s1705 xx |||||o 00| ||lat c
024 7 |a urn:nbn:de:bvb:12-bsb10263755-2  |2 urn 
024 7 |a urn:nbn:de:bvb:12-bsb10628343-0  |2 urn 
024 7 |a VD18 12662984  |2 vd18 
035 |a (DE-627)774256508 
035 |a (DE-576)40282024X 
035 |a (DE-599)BVBBV021301553D 
035 |a (DE-604)BV021301553D 
040 |a DE-627  |b ger  |c DE-627  |e rakwb 
041 |a lat 
084 |a 1  |2 ssgn 
100 0 |e VerfasserIn  |0 (DE-588)118555359  |0 (DE-627)149086067  |0 (DE-576)315845198  |4 aut  |a Ignacio  |c de Loyola  |d 1491-1556 
109 |a Ignace de Loyola 1491-1556  |a Ignatius de Loyola 1491-1556  |a Ignatius Saint 1491-1556  |a Lojola, Ignatz von 1491-1556  |a Oñar y Loyola, Iñigo L. 1491-1556  |a Loyola, Ignatius de 1491-1556  |a Iñigo de Guipuscoa 1491-1556  |a Loyola, Ignace de 1491-1556  |a Loyola, Iñigo L. 1491-1556  |a Loyola, Ignacio de 1491-1556  |a Ignatius Loiola 1491-1556  |a Loiola, Ignatius von 1491-1556  |a Loyola, Ignatius of 1491-1556  |a López de Recalde, Inigo 1491-1556  |a Lojola, Ignatius 1491-1556  |a Ignacio de Loyola 1491-1556  |a Recalde, Iñigo L. de 1491-1556  |a Loiola, Ignatio 1491-1556  |a Loiola, Ignatius 1491-1556  |a Loyola, Inigo López de 1491-1556  |a Guipuscoa, Iñigo de 1491-1556  |a Lojola, Iniggo de 1491-1556  |a Ignatius de Loiola 1491-1556  |a Loyola, Ignatz von 1491-1556  |a Ignác Loyola 1491-1556  |a Loyola, Iñigo de 1491-1556  |a Ignace St. 1491-1556  |a Ignace 1491-1556  |a Ignatius Lojola 1491-1556  |a Ignaz von Loyola 1491-1556  |a Ignace Saint 1491-1556  |a Ignatius of Loyola 1491-1556  |a Ignatius 1491-1556  |a López de Loyola, Iñigo 1491-1556  |a Ignatius von Loyola 1491-1556  |a Loyola, Ignace 1491-1556  |a Ignacio San 1491-1556  |a Iñigo de Loyola 1491-1556  |a Ignatius Sanctus 1491-1556  |a Ignác Loyolai 1491-1556  |a López Oñaz y Loyola, Iñigo 1491-1556  |a Ignazio 1491-1556  |a Ignacije od Loyole 1491-1556  |a Loyola, Ignatius von 1491-1556  |a Loyola, Ignaz von 1491-1556  |a Jgnacio 1491-1556  |a Iñigo 1491-1556  |a Iñigo López de Loyola 1491-1556  |a Ignatius Lojole̜ 1491-1556  |a Loyola, Iniggo de 1491-1556  |a Inigo de Guipuscoa 1491-1556  |a Loyola, Ignatius 1491-1556  |a Ignazio di Loyola 1491-1556  |a Ignacije y Loyola 1491-1556  |a Ignác Szent 1491-1556  |a Loyolai Szent Ignác 1491-1556  |a Loyola San Ignacio de 1491-1556  |a Recalde, Inigo López de 1491-1556 
245 1 0 |a Scintillae Ignatianae, Sive Sancti Ignatii De Loyola, Societatis Jesu Fundatoris Apophtegmata Sacra  |c Per singulos Anni Dies distributa, Et ulteriori Considerationi proposita. [Filiorum Tuorum indignissimus G. H.] 
246 3 0 |a Apophthegmata 
264 1 |a Viennae Austriae  |b Typis Joannis Georgii Schlegel, Universitatis Typographi  |c 1705. 
300 |a [4] Bl., 330 S.  |c 12° 
336 |a Text  |b txt  |2 rdacontent 
337 |a Computermedien  |b c  |2 rdamedia 
338 |a Online-Ressource  |b cr  |2 rdacarrier 
533 |a Online-Ausgabe  |b München  |c Bayerische Staatsbibliothek  |d 2009-2010  |e 1 Online-Ressource  |7 |20092010|||||| 
535 1 |a München, Bayerische Staatsbibliothek  |3 Asc. 2482#Beibd.1 
655 7 |a Ordensliteratur:Jesuiten  |0 (DE-627)096632534  |2 local 
700 1 |e HerausgeberIn  |0 (DE-588)123213975  |0 (DE-627)138936277  |0 (DE-576)217166199  |4 edt  |a Hevenesi, Gábor  |d 1656-1715 
700 1 |e DruckerIn  |0 (DE-588)103752649X  |0 (DE-627)756094607  |0 (DE-576)391539922  |4 prt  |a Schlegel, Johann Georg  |d 1654-1716 
751 |a Wien  |0 (DE-588)4066009-6  |0 (DE-627)106115952  |0 (DE-576)209161965  |4 pup 
776 0 8 |i Elektronische Reproduktion von  |a Ignacio, de Loyola, 1491 - 1556  |t Scintillae Ignatianae, Sive Sancti Ignatii De Loyola, Societatis Jesu Fundatoris Apophtegmata Sacra  |d Viennae Austriae : Typis Joannis Georgii Schlegel, Universitatis Typographi, 1705  |h [4] Bl., 330 S.  |w (DE-627)775040835  |w (DE-576)9775040833  |n München, Bayerische Staatsbibliothek -- Asc. 2482#Beibd.1  |k Non-Electronic 
850 |a RedVD18-DE-12 
856 4 0 |u http://mdz-nbn-resolving.de/urn:nbn:de:bvb:12-bsb10263755-2  |x Resolving-System  |z // Exemplar mit der Signatur꞉ München, Bayerische Staatsbibliothek -- Asc. 2512 m  |z kostenfrei  |7 0 
856 4 0 |u http://mdz-nbn-resolving.de/urn:nbn:de:bvb:12-bsb10628343-0  |x Resolving-System  |z // Exemplar mit der Signatur꞉ München, Bayerische Staatsbibliothek -- Asc. 2482#Beibd.1  |z kostenfrei  |7 0 
889 |w (DE-627)848193296 
889 |w (DE-627)147282024X 
912 |a vd18 
935 |a mteo 
935 |i vd18 
951 |a BO 
ELC |a 1 
LOK |0 000 xxxxxcx a22 zn 4500 
LOK |0 001 4861789109 
LOK |0 003 DE-627 
LOK |0 004 774256508 
LOK |0 005 20260127132338 
LOK |0 008 260127||||||||||||||||ger||||||| 
LOK |0 040   |a DE-Tue135  |c DE-627  |d DE-Tue135 
LOK |0 092   |o n 
LOK |0 852   |a DE-Tue135 
LOK |0 852 1  |9 00 
LOK |0 866   |x SPQUE#VD (Historische deutsche Nationalbibliographie)#SPSAM#VD18 
LOK |0 935   |a ixvd  |a ixv8 
LOK |0 939   |a 2026-01-27  |b l01 
OAS |a 1 
ORI |a TA-MARC-ixtheoa001.raw